Training for horticulture.

Bibliographic Details
Main Author: Lawrence, W. J. C.
Format: Book
Language:English
Published: London : Allen & Unwin, [1953]
Subjects:

MARC

Tag First Indicator Second Indicator Subfields
LEADER 00000cam a2200000 4500
001 in00000045815
005 20151007075305.0
008 800613r19531943enka 00000 eng d
035 |a (OCoLC)06417221 
035 |9 AAF2962AM 
040 |a TXA  |c TXA  |d UtOrBLW 
049 |a TXAM  |c [242294] 
090 |a SB50  |b .L39 1953 
092 |a 635  |b L424t 
100 0 |a Lawrence, W. J. C. 
245 1 0 |a Training for horticulture. 
264 1 |a London :  |b Allen & Unwin,  |c [1953] 
300 |a 191 pages :  |b illustrations 
336 |a text  |b txt  |2 rdacontent 
337 |a unmediated  |b n  |2 rdamedia 
338 |a volume  |b nc  |2 rdacarrier 
500 |a "First pub. under the title 'The Young Gardener' in 1943." 
650 0 |a Horticulture  |x Vocational guidance. 
999 |a MARS 
999 f f |s fe01181b-ffe7-313a-91b1-0fe4e705f982  |i 70d3e58f-30ec-3ab1-a52c-1bc6cd8651a2  |t 0 
952 f f |p ric  |a Texas A&M University  |b Rellis Campus  |c Joint Library Facility  |d Remote Storage  |t 0  |e SB50 .L39 1953  |h Library of Congress classification  |i unmediated -- volume  |m A14801080343 
998 f f |a SB50 .L39 1953  |t 0  |l Remote Storage